000 00996cam a2200325 a 4500
999 _c3466
_d3466
001 17494852
003 OSt
005 20181214095952.0
008 121015s2006 cau 000 1 eng c
010 _a 2012288222
020 _a9780967392097
020 _a0967392098
035 _a(OCoLC)ocm73173306
040 _aOKI
_cOKI
_dIQU
_dBTCTA
_dDLC
042 _apcc
043 _an-us-nm
050 0 0 _aPS3613.I5386
_bV65 2006
082 0 0 _a813.6
_223
_bM647V
100 1 _aMiller, Jonathan C.
245 1 0 _aVolcano verdict /
_cJonathan Miller.
260 _aBeverly Hills, CA :
_bCool Titles,
_cc2006.
300 _a300 p. ;
_c23 cm.
500 _a"A Luna Cruz thriller"--Cover.
650 0 _aMurder
_xInvestigation
_vFiction.
651 0 _aNew Mexico
_vFiction.
655 7 _aLegal stories.
_2gsafd
906 _a7
_bcbc
_cpccadap
_d2
_encip
_f20
_gy-gencatlg
942 _2ddc
_cBK